Fidel a Raúl nepomýšľajú na dôchodok

Vážny zdravotný stav Fidela Castra a odovzdanie svojich štátnych a straníckych právomocí bratovi Raúlovi. Dominantná osobnosť Fidela Castra. Fidel Castro ako revolučný vodca. Raúlova politická kariéra. Budovanie silnej mocenskej pozície snovaním sietí stranícko-podnikateľských záujmových skupín. Fin...

Full description

Saved in:
Bibliographic Details
Main Author: Pressburg, Adrian Peter
Format: Book Chapter
Language:Slovak
Subjects:
Tags: Add Tag
No Tags, Be the first to tag this record!

MARC

LEADER 00000naa$a2200000$$$4500
001 0060321
005 20231009072034.7
041 0 |a slo 
044 |a SK 
245 1 0 |a Fidel a Raúl nepomýšľajú na dôchodok  |c Adrian Peter Pressburg 
520 |a Vážny zdravotný stav Fidela Castra a odovzdanie svojich štátnych a straníckych právomocí bratovi Raúlovi. Dominantná osobnosť Fidela Castra. Fidel Castro ako revolučný vodca. Raúlova politická kariéra. Budovanie silnej mocenskej pozície snovaním sietí stranícko-podnikateľských záujmových skupín. Finančné injekcie od Venezuely a spojenectvo na vyváženie tlaku USA v Latinskej Amerike. 
610 2 0 |a prezidenti 
610 2 0 |a moc štátna 
610 2 0 |a politika 
610 2 0 |a strany politické 
610 2 0 |a vzťahy medzinárodné 
610 2 0 |a Kuba 
100 1 |a Pressburg, Adrian Peter